|
|
|
|
| LEADER |
02556nam a2200649 i 4500 |
| 001 |
nkc20223470115 |
| 003 |
CZ PrNK |
| 005 |
20221215105106.0 |
| 007 |
ta |
| 008 |
221103s2022 xr ach e 000 0ccze |
| 015 |
|
|
|a cnb003470115
|
| 020 |
|
|
|a 978-80-907022-2-6
|q (Kulturní dům města Holic ;
|q brožováno)
|
| 035 |
|
|
|a (OCoLC)1357140351
|
| 040 |
|
|
|a BOA001
|b cze
|e rda
|
| 043 |
|
|
|a e-xr---
|a e-au---
|a e-hu---
|a fs-----
|
| 045 |
|
|
|a w8w8
|
| 072 |
|
7 |
|a 91
|x Geografie jako věda. Výzkum. Cestování
|2 Konspekt
|9 7
|
| 072 |
|
7 |
|a 929
|x Biografie
|2 Konspekt
|9 8
|
| 080 |
|
|
|a 910.4-051
|2 MRF
|
| 080 |
|
|
|a 910.4
|2 MRF
|
| 080 |
|
|
|a 929
|2 MRF
|
| 080 |
|
|
|a (437.3)
|2 MRF
|
| 080 |
|
|
|a (436+439)
|2 MRF
|
| 080 |
|
|
|a (6-13)
|2 MRF
|
| 080 |
|
|
|a (092)
|2 MRF
|
| 080 |
|
|
|a (082.2)
|2 MRF
|
| 100 |
1 |
|
|a Tlustý, Jaromír,
|d 1971-
|7 jo2012739401
|4 aut
|
| 245 |
1 |
0 |
|a Sloužili vědě a vlasti /
|c Jaromír Tlustý
|
| 264 |
|
1 |
|a Holice :
|b Kulturní dům města Holic,
|c 2022
|
| 300 |
|
|
|a 57 stran :
|b ilustrace (některé barevné), portréty, faksimile ;
|c 21 cm
|
| 336 |
|
|
|a text
|b txt
|2 rdacontent
|
| 337 |
|
|
|a bez média
|b n
|2 rdamedia
|
| 338 |
|
|
|a svazek
|b nc
|2 rdacarrier
|
| 500 |
|
|
|a Vydáno ve spolupráci s městem Holice u příležitosti 175 let narození Emila Holuba
|
| 500 |
|
|
|a Obálkový podnázev: evropští účastníci rakousko-uherské výpravy do Afriky MUDr. Emila Holuba 1883-1887
|
| 500 |
|
|
|a 500 výtisků
|
| 504 |
|
|
|a Obsahuje bibliografické odkazy
|
| 600 |
1 |
7 |
|a Holub, Emil,
|d 1847-1902
|7 jk01041788
|2 czenas
|
| 648 |
|
7 |
|a 19.-20. století
|7 ch757015
|2 czenas
|
| 648 |
|
4 |
|a 1883-1887
|
| 648 |
|
7 |
|a 1881-1890
|7 ch501361
|2 czenas
|
| 650 |
0 |
7 |
|a cestovatelé
|7 ph119109
|z Česko
|y 19.-20. století
|2 czenas
|
| 650 |
0 |
7 |
|a cestovatelé
|7 ph119109
|z Rakousko-Uhersko
|y 19.-20. století
|2 czenas
|
| 650 |
0 |
7 |
|a výzkumné expedice
|7 ph135545
|z Afrika jižní
|y 1881-1890
|2 czenas
|
| 650 |
0 |
9 |
|a travellers
|z Czechia
|y 19th-20th centuries
|2 eczenas
|
| 650 |
0 |
9 |
|a travellers
|z Austro-Hungarian Monarchy
|y 19th-20th centuries
|2 eczenas
|
| 650 |
0 |
9 |
|a research expeditions
|z Africa, Southern
|y 1881-1890
|2 eczenas
|
| 655 |
|
7 |
|a biografie
|7 fd131909
|2 czenas
|
| 655 |
|
7 |
|a jubilejní publikace
|7 fd131839
|2 czenas
|
| 655 |
|
9 |
|a biography
|2 eczenas
|
| 655 |
|
9 |
|a jubilee books
|2 eczenas
|
| 710 |
1 |
|
|a Holice (Pardubice, Česko)
|7 ge129277
|4 isb
|
| 910 |
2 |
|
|a BOA001
|b 2-1495.841
|
| 990 |
|
|
|a BK
|
| 995 |
|
|
|a 01
|
| 991 |
|
|
|b 202211
|c NOV
|
| 996 |
6 |
|
|b 2610920984
|c 2-1495.841
|l MZK
|r Sklad / do 1 hodiny
|n 0
|p p.v.
|w 001905184
|u 000010
|a 1
|e BOA001
|j MZK50
|s P
|